00000000nam 2200000zi 4500
0019.880345
003CaOODSP
00520250131091145
006m     o  d f      
007cr |||||||||||
008191008t20192019oncabo  o    f000 0 fre d
020 |a9780660328645
040 |aCaOODSP|bfre|erda|cCaOODSP
043 |an-cn---
0861 |aCi44-19/2019F-PDF
24500|aProgramme de parrainage privé de réfugiés : |bréinstallation des réfugiés au Canada.
24610|aRéinstallation des réfugiés au Canada
264 1|a[Ottawa] : |bImmigration, réfugiés et citoyenneté Canada = Immigration, Refugees and Citizenship Canada, |c[2019]
264 4|c©2019
300 |a1 ressource en ligne (13 pages) : |billustrations, cartes, photographies
336 |atexte|btxt|2rdacontent/fre
337 |ainformatique|bc|2rdamedia/fre
338 |aressource en ligne|bcr|2rdacarrier/fre
500 |aTitre de départ.
500 |aEn tête du titre : PSR.
500 |aPublié aussi en anglais sous le titre : Privately Sponsored Refugee Program: refugee resettlement in Canada.
500 |aPublié aussi en amharique, arabe, dari, espagnol, farsi, oromo, somali, swahili et tigrinya.
520 |a« Renseignements importants - Vous souhaitez venir au Canada et votre demande a fait l’objet d’un examen initial par les fonctionnaires canadiens. Vous vous demandez probablement ce qui arrivera ensuite. Votre sélection en tant que réfugié admissible est une étape importante du processus de réinstallation. Par contre, il ne s’agit pas de la dernière étape. Voici quelques renseignements sur les prochaines étapes du processus et sur le Canada » -- Page [1].
650 6|aRéfugiés|xServices|zCanada.
650 6|aÉmigration assistée|zCanada.
7101 |aCanada. |bImmigration, réfugiés et citoyenneté Canada, |eorganisme de publication.
77508|tPrivately Sponsored Refugee Program : |w(CaOODSP)9.880343
77508|t[Programme de parrainage privé de réfugiés] : |w(CaOODSP)9.880447
77508|t[Programme de parrainage privé de réfugiés] : |w(CaOODSP)9.880449
77508|t[Programme de parrainage privé de réfugiés] : |w(CaOODSP)9.880458
77508|t[Programme de parrainage privé de réfugiés] : |w(CaOODSP)9.880461
77508|t[Programme de parrainage privé de réfugiés] : |w(CaOODSP)9.880462
77508|t[Programme de parrainage privé de réfugiés] : |w(CaOODSP)9.880463
77508|t[Programme de parrainage privé de réfugiés] : |w(CaOODSP)9.880465
77508|t[Programme de parrainage privé de réfugiés] : |w(CaOODSP)9.880466
77508|t[Programme de parrainage privé de réfugiés] : |w(CaOODSP)9.880460
795 |tRéfugiés parrainés par le secteur privé, réinstallation des réfugiés au Canada |b2014|w(CaOODSP)9.822306
85640|qPDF|s1.41 Mo|uhttps://publications.gc.ca/collections/collection_2020/ircc/Ci44-19-2019-fra.pdf
986 |a2627-11-2019